000 00711nam a2200253Ia 4500
003 OSt
005 20220924125744.0
006 a|||||r|||| 00| 0
007 ta
008 220923b |||||||| |||| 00| 0 per d
024 _a329365
037 _cTextual
040 _aARTS
_cARTS
_bper
041 _2per
_aper
082 _aP164:4k, 164L3
100 _aBadi Muhammad Au.
_9198843
245 0 _aWazeh nama-e-ba aamdi meyar-al-qaul ibn Sina
260 _aTehran
_bFarhangistan zaban-e-Iran Iran
_c1973
300 _a56p.
_ccm.
650 _a PERSIAN LANGUAGE
650 _aLINGUISTICS
942 _hP164:4k, 164L3
_cTEXL
_2CC
999 _c423292
_d423292